Economía urbana y regional : introducción a la relación entre territorio y desarrollo /

Enregistré dans:
Détails bibliographiques
Auteur principal: Polèse, Mario (autor)
Format: Livre
Langue:espagnol
Publié: Cartago, Costa Rica : Libro Universitario Regional, 1998, c1998
Sujets:
Tags: Ajouter un tag
Pas de tags, Soyez le premier à ajouter un tag!

MARC

LEADER 00000nam^a2200000^a^4500
001 000163081
005 20250521000000.0
009 20260310100854.313
020 |a 9968-801-00-3 
037 |a Acervo ITESO - Biblioteca 
041 |a ESP 
082 |a 711. 14  |b POL 
100 |a Polèse, Mario  |e (autor) 
245 1 0 |a Economía urbana y regional :  |b introducción a la relación entre territorio y desarrollo /  |c M. Polèse ; adaptación de Carmen Barragán, Salvador Pérez Mendoza ; tr. por Germán Pérez Galicia, Elena Pou Madinaveitia. 
264 4 |a Cartago, Costa Rica :  |b Libro Universitario Regional,  |c 1998, c1998 
300 |a 438 p. 
336 |a texto  |b txt  |2 rdacontenido 
337 |a sin mediación  |b n  |2 rdamedio 
338 |a volumen  |b nc  |2 rdasoporte 
500 |a Traducción de: Economie urbaine et régionale: logique spaciale des mutations économiques 
649 |a XX 
650 |a Planeación Regional 
650 |a Planeación Económica 
650 |a Desarrollo Regional 
650 |a Desarrollo Urbano 
650 |a Desarrollo Sustentable 
650 |a Política Urbana 
650 |a Zonas Urbanas -  |x Condiciones Económicas 
650 |a Población 
650 |a Demografía 
650 |a Medio Ambiente 
650 |a Economía 
650 |a Urbanismo 
910 |a Fondo General 
920 |a Impresos - Libros 
930 |a Colección General 
905 |a 101 
901 |a 0500095892  |b IT1  |c ACC  |u 20250521 
902 |a https://opac.biblio.iteso.mx/vufind/Record/000163081